Ulusal eğitimde özel okulların yeri ve sorunları (Record no. 22279)
[ view plain ]
| 000 -LEADER | |
|---|---|
| fixed length control field | 00602 a2200229 4500 |
| 001 - CONTROL NUMBER | |
| control field | 22279 |
| 003 - CONTROL NUMBER IDENTIFIER | |
| control field | TR-AnTOB |
| 005 - DATE AND TIME OF LATEST TRANSACTION | |
| control field | 20190322122058.0 |
| 008 - FIXED-LENGTH DATA ELEMENTS--GENERAL INFORMATION | |
| fixed length control field | 041102s1999 tu tur |
| 020 ## - INTERNATIONAL STANDARD BOOK NUMBER | |
| International Standard Book Number | 9755123857 |
| 035 ## - SYSTEM CONTROL NUMBER | |
| System control number | 22279 |
| 041 ## - LANGUAGE CODE | |
| Language code of text/sound track or separate title | Türkçe |
| 050 ## - LIBRARY OF CONGRESS CALL NUMBER | |
| Classification number | LC53.T9 |
| Item number | U58 1999 |
| 090 ## - LOCALLY ASSIGNED LC-TYPE CALL NUMBER (OCLC); LOCAL CALL NUMBER (RLIN) | |
| Classification number (OCLC) (R) ; Classification number, CALL (RLIN) (NR) | LC53.T9 U58 1999 |
| 245 #0 - TITLE STATEMENT | |
| Title | Ulusal eğitimde özel okulların yeri ve sorunları |
| 264 #1 - PRODUCTION, PUBLICATION, DISTRIBUTION, MANUFACTURE, AND COPYRIGHT NOTICE | |
| Place of production, publication, distribution, manufacture | İstanbul : |
| Name of producer, publisher, distributor, manufacturer | İstanbul Ticaret Odası, |
| Date of production, publication, distribution, manufacture, or copyright notice | 1999 |
| 300 ## - PHYSICAL DESCRIPTION | |
| Extent | 62 p. ; |
| Dimensions | 24 cm |
| 490 0# - SERIES STATEMENT | |
| Series statement | İstanbul Ticaret Odası Yayın; No. |
| -- | 1999-60 |
| 650 ## - SUBJECT ADDED ENTRY--TOPICAL TERM | |
| Topical term or geographic name entry element | Özel okullar |
| Geographic subdivision | Türkiye |
| 9 (RLIN) | 15674 |
| 902 ## - LOCAL DATA ELEMENT B, LDB (RLIN) | |
| a | 0004199 |
| 942 ## - ADDED ENTRY ELEMENTS (KOHA) | |
| Koha item type | Book |
| Withdrawn status | Lost status | Source of classification or shelving scheme | Materials specified (bound volume or other part) | Not for loan | Collection code | Home library | Current library | Shelving location | Date acquired | Source of acquisition | Serial Enumeration / chronology | Total Checkouts | Total Holds | Full call number | Barcode | Copy number | Date shelved | Koha item type | Date last seen | Public note |
|---|---|---|---|---|---|---|---|---|---|---|---|---|---|---|---|---|---|---|---|---|
| C.1 | Ödünç Verilebilir / Available | Genel Koleksiyon | Merkez Kütüphane | Merkez Kütüphane | Genel Koleksiyon / Main Collection | 28/12/2005 | Satın Alma / Purchase | 1 | LC53.T9 U58 1999 | 0004199 | 1 | 21/04/2010 | Book | |||||||
| Other/Generic Classification Scheme | C.2 | Ödünç Verilemez-Kurumiçi kullanım / Not for loan-For inhouse use | TOBB Kütüphanesi Bağış Koleksiyonu - Klasik | Merkez Kütüphane | Merkez Kütüphane | TOBB Bağışı Koleksiyonu / TOBB Gift Collection | 01/07/2005 | TOBB Devir / TOBB Transfer | TOBBK LC53.T9 U58 1999 c.2 | T004658 | 2 | 28/12/2021 | Book | 28/12/2021 | Donated by TOBB |
